| 000 | 00473nam a2200181Ia 4500 | ||
|---|---|---|---|
| 003 | LK-CoDNM | ||
| 005 | 20240315135911.0 | ||
| 008 | 010623t1884 xxu||||| |||| 00| 1 sin d | ||
| 040 |
_aLK-CoDNM _dLK-CoDNM _eLK-CoDNM |
||
| 041 | _asin | ||
| 080 | _a104 FF33 | ||
| 100 | _aArgolis,P.D | ||
| 245 | _aශාසන වර්ුක්ෂය | ||
| 246 | _aShaasana vrukshaya | ||
| 260 |
_bLakmini pahana press _aColombo _c1884 |
||
| 300 |
_bDamaged _a13p.,15 cm |
||
| 942 | _cBK | ||
| 999 |
_c82545 _d82545 |
||